000 00764nam a2200229Ia 4500
003 0
005 20250129093355.0
008 190909s9999 xx 000 0 und d
050 _aPGS HV 4707
_b.Sa129 2017
100 _aSagovac, Nicole Lorraine V.
245 _aPerceptions of students towards animal abuse /
_cNicole Lorraine V. Sagovac.
260 _aLas PiƱas City, Philippines :
_bSouthville International School and Colleges,
_c2017.
300 _a12 p. :
_bill. ;
_c28 cm.
504 _aIncludes bibliographical references.
650 _aAnimal abuse.
650 _aAnimal cruelty.
650 _aSocial attitudes towards animals.
650 _aYouth
_vSocial aspects.
650 _aAnimal welfare.
650 _aAnimal rights.
942 _2lcc
_cPASS
999 _c362086
_d362086